Duke Or North Carolina Nba Players - Statistics

General Stats
  • This quiz has been taken 130 times
  • The average score is 13 of 15
Answer Stats
Question Answer % Correct
Paolo Banchero Duke
98%
Michael Jordan North Carolina
98%
Jayson Tatum Duke
97%
JJ Redick Duke
95%
Kyrie Irving Duke
94%
Christian Laettner Duke
89%
Brandon Ingram Duke
88%
Vince Carter North Carolina
82%
Cole Anthony North Carolina
82%
Austin Rivers Duke
79%
Harrison Barnes North Carolina
71%
Bob McAdoo North Carolina
71%
Shane Battier Duke
70%
Danny Green North Carolina
70%
Ty Lawson North Carolina
65%
No matching quizzes found
Score Distribution
Percent of People with Each Score
Percentile by Number Answered
Your Score History
You have not taken this quiz